书目信息 |
| 题名: |
自私的基因
|
|
| 作者: | 道因斯 著 ;张岱云 , 王兵 , 卢允中 译 | |
| 分册: | ||
| 出版信息: | 长春 吉林人民出版社 2005 |
|
| 页数: | 394页 | |
| 开本: | 20cm | |
| 丛书名: | 支点丛书 | |
| 单 册: | ||
| 中图分类: | Q75-49 | |
| 科图分类: | ||
| 主题词: | 分子遗传学 | |
| 电子资源: | ||
| ISBN: | 7-206-03004-1 | |
| 000 | 00744nam0 2200253 45 | |
| 001 | 0210281552 | |
| 005 | 20070706174347.40 | |
| 010 | @a7-206-03004-1@dCNY24.00 | |
| 100 | @a20021028d2005 km y0chiy0120 ea | |
| 101 | 0 | @achi@ceng |
| 200 | 1 | @a自私的基因@AZi Si De Ji Yin@f(英)理查德·道因斯著@F(Ying)Li Cha De·Dao Yin Si Zhu@g卢允中,张岱云,王兵译 |
| 205 | @a2版 | |
| 210 | @a长春@c吉林人民出版社@d2005 | |
| 215 | @a394页@d20cm | |
| 225 | @a支点丛书 | |
| 410 | @12001 @a支点丛书 | |
| 606 | 0 | @a分子遗传学 |
| 690 | @aQ75-49@v4 | |
| 701 | @a道因斯@4著 | |
| 702 | 0 | @a张岱云@AZhang Dai Yun@4译 |
| 702 | 0 | @a王兵@AWang Bing@4译 |
| 702 | 0 | @a卢允中@ALu Yun Zhong@4译 |
| 801 | @aCN@bTSTC@c20070706 | |
| 905 | @b316624-625@dQ75-49@e28=2@f2 | |
| 自私的基因/(英)理查德·道因斯著/卢允中,张岱云,王兵译.-2版.-长春:吉林人民出版社,2005 |
| 394页;20cm.-(支点丛书) |
| ISBN 7-206-03004-1:CNY24.00 |
| ● |
| 相关链接 |
|
|
|
|
正题名:自私的基因
索取号:Q75-49/28=2
 
预约/预借
| 序号 | 登录号 | 条形码 | 馆藏地/架位号 | 状态 | 备注 |
| 1 | 0555905 | 205559055 | 第二样本阅览室/ [索取号:Q75-49/28=2] | 在馆 | |
| 2 | 0555906 | 205559064 | 第三借阅区/ [索取号:Q75-49/28=2] | 在馆 | |
| 3 | 0555907 | 205559073 | 第三借阅区/ [索取号:Q75-49/28=2] | 在馆 | |
| 4 | 0555908 | 205559082 | 第三借阅区/ [索取号:Q75-49/28=2] | 在馆 | |
| 5 | 0555909 | 205559091 | 第三借阅区/ [索取号:Q75-49/28=2] | 在馆 | |
| 6 | 0555910 | 205559108 | 第三借阅区/ [索取号:Q75-49/28=2] | 在馆 | |
| 7 | 0555911 | 205559117 | 第三借阅区/ [索取号:Q75-49/28=2] | 在馆 | |
| 8 | 0555912 | 205559126 | 第三借阅区/ [索取号:Q75-49/28=2] | 在馆 |